Principles of Budgetary and Financial Policy

Salvato in:
Dettagli Bibliografici
Autore principale: Buiter, Willem H.
Natura: Libro
Lingua:inglese
Pubblicazione: Cambridge The MIT Press 1990
Edizione:1. ed.
Soggetti:
Tags: Aggiungi Tag
Nessun Tag, puoi essere il primo ad aggiungerne!!

MARC

LEADER 00000nam a2200000 4500
001 c019694
005 20221206122649.1
020 |a 0-262-02303-2 
041 0 |a eng 
044 |a GB 
245 1 0 |a Principles of Budgetary and Financial Policy  |c Willem H. Buiter 
250 |a 1. ed. 
264 1 |a Cambridge  |b The MIT Press  |c 1990 
300 |a 461 s. 
610 2 0 |a politika finančná 
610 2 0 |a politika fiškálna 
610 2 0 |a výdavky verejné 
610 2 0 |a krajiny rozvojové 
610 2 0 |a teória finančná 
100 1 |a Buiter, Willem H.